Statistics for General Knowledge Quiz #67

Click here to take the quiz!

General Stats

  • This quiz has been taken 100,479 times
    (25,113 since last reset)
  • The average score is 13 of 20

Answer Stats

QuestionAnswer% Correct
Which country has four main islands - the largest of which is Honshu?Japan
89%
What "valley" is home to many tech companies including Apple,
Google, and Facebook?
{Silicon} Valley
88%
What "logy" is the study of animals?Zoology
82%
Who did Eva Braun marry on April 29, 1945?Adolf Hitler
79%
Who is considered the father of psychoanalysis?Sigmund Freud
79%
On a roulette wheel, which number isn't colored red or black?Zero
76%
Who was the first murder victim in the Bible?Abel
75%
What is the most abundant element in the Milky Way?Hydrogen
72%
What is the most populous city in New Zealand?Auckland
70%
What does the U.S. government famously store at Fort Knox?Gold
68%
What is the name of the tunnel that connects England and France?The {Channel} Tunnel
68%
What musical instrument did Sherlock Holmes play?Violin
68%
What was the name of the first Indiana Jones movie?Raiders of the Lost Ark
57%
What rock musician is known as "The Boss”?Bruce Springsteen
48%
Which U.S. state capital ends in x?Phoenix
48%
What sport was featured in the movie "Invictus", starring Matt Damon
and Morgan Freeman?
Rugby Union
47%
The Trans-Siberian railway, the longest railway line in the world, connects Moscow
with which other Russian city?
Vladivostok
41%
What is both a breed of cattle and a stereotypical Scottish first name?Angus
40%
What newspaper does Clark Kent work for?The Daily Planet
40%
What Australian "dame" is actually a man?Dame {Edna}
32%

Score Distribution

Percentile by Number Answered

Percent of People with Each Score

Your Score History

You have not taken this quiz since the last reset